000 00835nam2a2200253 4500
001 RU\NLR\bibl\1777708
005 20250616133541.0
010 _a978-5-353-05291-3
021 _aRU
_b2011-599и
035 _a(NLR Aleph) 001768470
090 _a1622767
_c1622767
100 _a20110607d2011 |||y0rusy50 ca
101 1 _arus
_cjpn
102 _aRU
105 _aa |||||||||
200 0 _a[Т.] 2
_fпер. [с яп.]: Е. Мухина
210 _d2011
_aБ. м.
215 _a[192] с.
_cил., цв. ил.
461 0 _1001RU\NLR\bibl\1776560
_12001#$aСемя тьмы$v[Т.] 2
_91615849
_cМосква
_d2010
_fКита Конно
_nРОСМЭН-ПРЕСС
_o[манга]
_tСемя тьмы
_v[Т.] 2
801 0 _aRU
_bNLR
_c20110607
_gRCR
801 1 _aRU
_bNLR
_c20110607
942 _cBOOK
980 _aNB